Sources of Immigration to Canada in 2021 - Statistics

General Stats
  • This quiz has been taken 152 times
  • The average score is 35 of 49
Answer Stats
Number of Immigrants Country % Correct
11,940 United States
99%
127,885 India
97%
30,990 China
96%
6,555 United Kingdom
96%
12,685 France
90%
11,300 Iran
88%
2,690 Iraq
88%
1,445 Germany
87%
1,405 Japan
87%
5,145 Mexico
87%
8,460 Pakistan
87%
2,080 Australia
86%
2,005 Russia
86%
11,425 Brazil
85%
3,190 Ukraine
85%
3,220 Egypt
83%
1,720 Italy
83%
15,585 Nigeria
83%
5,585 Syria
82%
4,620 Turkey
82%
1,615 South Africa
79%
8,240 South Korea
79%
18,010 Philippines
77%
5,755 Vietnam
77%
8,560 Afghanistan
76%
2,995 Bangladesh
74%
3,075 Algeria
73%
2,685 Ireland
73%
2,945 Morocco
73%
4,050 Colombia
72%
1,820 DR Congo
68%
1,250 Taiwan
68%
1,105 Israel
67%
2,075 Somalia
65%
2,145 Ethiopia
64%
2,025 Sri Lanka
64%
2,625 Venezuela
64%
2,865 Haiti
63%
4,030 Jamaica
62%
1,830 Lebanon
62%
1,745 Sudan
62%
2,640 Tunisia
58%
2,560 Cameroon
53%
1,055 Ghana
51%
1,020 Nepal
49%
5,365 Eritrea
42%
1,110 Ivory Coast
38%
1,265 Burundi
18%
2,295 Hong Kong
14%
No matching quizzes found
Score Distribution
Percent of People with Each Score
Percentile by Number Answered
Your Score History
You have not taken this quiz